000
00261nam a2200109Ia 4500
001
588754
005
20250717120837.0
008
250717s9999 xx 000 0 und d
245
0
_a
Z-2 ALA GEYİK
_c
ZİYA GÖKALP
260
_b
ERDEM YAYINLARI
_c
2018
300
_b
88
999
_c
588754
_d
588754